| 000 | 01513nam a22003857a 4500 | ||
|---|---|---|---|
| 003 | CHAP | ||
| 005 | 20220817044246.0 | ||
| 008 | 090330s2008 mx a r 00010 spa d | ||
| 010 | _a95947 | ||
| 011 | _a96919 | ||
| 035 | _a107576 | ||
| 040 | _cCHAP | ||
| 090 | _aTesis | ||
| 100 | 1 |
_aPortas Fernández, Blanca. _990974 |
|
| 245 | 1 | 3 |
_aEl anturio (Anthurium andreanum L.) como alternativa para el desarrollo de las mujeres productoras en los municipios de Huatusco y Zentla, Veracruz _c/por Blanca Portas Fernández y Mariana Jáuregui Arenas |
| 260 |
_aChapingo, Méx. : _bEl autor, _c2008 |
||
| 300 |
_axiv, 108 h. : _bilus., cuadros, gráfs. |
||
| 502 | _aTesis (Ing. Agr. Esp. en Fitotecnia) -- UACH. Departamento de Fitotecnia | ||
| 590 |
_aALEPH _b10 _c20130110 _lUCH01 _h1528 |
||
| 590 |
_aBATCH-UPD _b10 _c20130110 _lUCH01 _h0339 |
||
| 590 |
_aBATCH-UPD _b10 _c20130110 _lUCH01 _h1947 |
||
| 590 |
_aBATCH-UPD _b10 _c20130410 _lUCH01 _h0012 |
||
| 590 |
_aBATCH-UPD _b10 _c20130914 _lUCH01 _h1303 |
||
| 590 |
_aCONVERSION _b10 _c20130109 _lUCH01 _h1353 |
||
| 650 | 0 | 4 |
_aTrabajo de la mujer. _9114490 |
| 650 | 1 | 4 |
_aAnturio _xVariedades. _96157 |
| 650 | 1 | 4 |
_aEmpresas pequeñas. _936658 |
| 650 | 1 | 4 |
_aFlores _xMercadeo. _941388 |
| 650 | 1 | 4 | _aPlantas ornamentales. |
| 700 | 1 |
_aJáuregui Arenas, Mariana. _961732 |
|
| 901 | _aBK | ||
| 942 | _cFOLL | ||
| 949 |
_aTesis _bBC _cTES _d33724002084058 _eTS1 _gDonaciØn _h48999 _i107576 _sb |
||
| 949 |
_aTesis _bBC _cTES _d33724002084090 _eTS2 _fc.2 _gDonaciØn _h49000 _i107576 _si |
||
| 999 |
_c95947 _d95947 |
||